000 00429nam a2200181Ia 4500
001 11007
005 20260306161914.0
008 260306t1982||||xx |||||||||||||| ||spa||
041 _aESP
082 _a985
_bS54 T. 2
100 _aSilva Santisteban, Fernando
_eAUT
245 0 _aHistoria del PerĂº:
_bPerĂº colonial
260 _c1982
300 _a
_c26 cm.
650 _aGEN
654 _aCHU
942 _cLIB
_dJUS
_fJUS
_2ddc
_n
999 _c11007
_d11007